Centro y regiones en México ante la gobernabilidad democrática local/ por Jaime Preciado Coronado. (Record no. 137727)

MARC details
000 -CABECERA
campo de control de longitud fija 00625nam a2200205 a 4500
005 - FECHA Y HORA DE LA ÚLTIMA TRANSACCIÓN
campo de control 20240913063841.0
008 - ELEMENTOS DE LONGITUD FIJA--INFORMACIÓN GENERAL
campo de control de longitud fija 081108s2000 mx r 000 0 spa d
035 ## - NÚMERO DE CONTROL DEL SISTEMA
Número de control de sistema UPN01000165615
049 ## - COLECCIÓN
Colección UNE
080 ## - NÚMERO DE CLASIFICACIÓN DECIMAL UNIVERSAL
Número de la Clasificación Decimal Universal 342.34 (72) "2002" PRE No.58.
100 1# - ASIENTO PRINCIPAL--NOMBRE PERSONAL
Nombre de persona Preciado Coronado, Jaime
245 10 - MENCIÓN DE TÍTULO
Título Centro y regiones en México ante la gobernabilidad democrática local/ por Jaime Preciado Coronado.
260 ## - PUBLICACIÓN, DISTRIBUCIÓN, ETC.
Lugar de publicación, distribución, etc. París: UNESCO, 2002.
300 ## - DESCRIPCIÓN FÍSICA
Extensión 36 p.; 30 cm. il., map.
440 #0 - MENCIÓN DE SERIE/ASIENTO SECUNDARIO--TÍTULO
Título MOST. Documentos de débate; 58
690 ## - PUNTO DE ACCESO ADICIONAL DE MATERIA LOCAL--TÉRMINO DE MATERIA (OCLC, RLIN)
Término de materia o nombre geográfico como elemento inicial Gobierno
690 ## - PUNTO DE ACCESO ADICIONAL DE MATERIA LOCAL--TÉRMINO DE MATERIA (OCLC, RLIN)
Término de materia o nombre geográfico como elemento inicial Democracia
9 (RLIN) 6020
690 ## - PUNTO DE ACCESO ADICIONAL DE MATERIA LOCAL--TÉRMINO DE MATERIA (OCLC, RLIN)
Término de materia o nombre geográfico como elemento inicial México
905 ## - TIPO DE MATERIAL
Tipo de material UNESCO

No items available.